000 01138nam a2200181 a 4500
008 100330s2009 ||||||||||||||||| || u
050 _aPIA(05)
110 _aThe Pension and insurance Authority
245 1 0 _aPIA newsletter: risks to which insurance companies are exposed: money laundering...
_cThe Pension and insurance Authority
260 _aLusaka
_bThe Pension and insurance Authority
_c2009
300 _a12p. :ill.
350 _a0.00
650 _aPENSION TRUSTS
995 _aSPECIAL COLLECTIONS
_D0.00
_e03006120
_FCBU-MAIN LIBRARY (Kitwe)
_H1
_I0.00
_jZAMPER PIA(05)2009/1
_M1
_UAVAILABLE
_WMar 30, 2010
_y03006120
_ZZambiana Collection
995 _aSPECIAL COLLECTIONS
_D0.00
_e03006354
_FCBU-MAIN LIBRARY (Kitwe)
_H1
_I0.00
_jZAMPER-PIA(05)2009/1B
_M2
_UAVAILABLE
_WJun 2, 2010
_y03006354
_ZZambiana Collection
995 _aSPECIAL COLLECTIONS
_D0.00
_e03006356
_FCBU-MAIN LIBRARY (Kitwe)
_H1
_I0.00
_jZAMPER-PIA(05)2009/1D
_M4
_UAVAILABLE
_WJun 2, 2010
_y03006356
_ZZambiana Collection
995 _aSPECIAL COLLECTIONS
_D0.00
_e03006355
_FCBU-MAIN LIBRARY (Kitwe)
_H1
_I0.00
_jZAMPER-PIA(05)2009/1C
_M3
_UAVAILABLE
_WJun 2, 2010
_y03006355
_ZZambiana Collection
999 _c81917
_d81917